| 000 | 00969nam a2200277Ia 4500 | ||
|---|---|---|---|
| 003 | OSt | ||
| 005 | 20221007122414.0 | ||
| 006 | a|||||r|||| 00| 0 | ||
| 007 | ta | ||
| 008 | 221006b |||||||| |||| 00| 0 eng d | ||
| 020 | _a3540230386 (hbd) | ||
| 024 | _a83611 | ||
| 037 |
_b285, 06/01/2009, Dhanraj Book House _cTextbook |
||
| 040 |
_aPAPL _cPAPL _beng |
||
| 041 |
_2eng _aeng |
||
| 082 | _aC9B3:12, P5 Carpa | ||
| 100 |
_aClark R E H Ed. _9714248 |
||
| 245 | 0 |
_aNuclear fusion research:understanding plasma-surface interactions _b Reiter D H Ed. |
|
| 260 |
_aBerlin _bSpringer _c2005 |
||
| 300 |
_axix, 461p. _ccm. |
||
| 490 | _aSpringer series in chemical physics, 78 | ||
| 500 | _aIncludes biblographical references.; Index 457-461p. | ||
| 700 |
_a Reiter D H Ed. _9714249 |
||
| 942 |
_hC9B3:12, P5 Carpa _cTB _2CC |
||
| 999 |
_c1210291 _d1210291 |
||